=LDR 00000nam 2200000 4500 =001 INLIS000000000035953 =005 20130612141753 =008 ***********************************Ind** =035 ##$$0010-061300000035953 =041 ##$$a Ind =082 ##$$a 641.551 =090 ##$$a 641.551, Ste =100 ##$$a Stewart, jilian =245 ##$$a The Complete Chinese cookbook (hidangan lengkap masakan cina) =260 ##$$a 1995 $b Jakarta =300 ##$$a 271 hlm, ilus, 30 cm =850 ##$$a NBPNMAT